เปลี่ยนเป็นภาษาไทย

Change to English
 แสดงรายละเอียดบรรณานุกรม
  กลับหน้าหลัก

Brief Record : Get Marc (ISO 2709) : E-mail record : QR code < ปิดหน้าต่าง
mysqli: Table './ulib62015/stat_globaluid' is marked as crashed and should be repaired
select id from stat_globaluid where statuid='20260517112336_3388' 
mysqli: Table './ulib62015/stat_globaluid' is marked as crashed and should be repaired
DELETE FROM stat_globaluid
			WHERE id NOT IN (
			  SELECT id
			  FROM (
				SELECT id
				FROM stat_globaluid
				ORDER BY id DESC
				LIMIT 100
			  ) foo
			); 
mysqli: Table './ulib62015/stat_globaluid' is marked as crashed and should be repaired
insert into stat_globaluid set
		statuid='20260517112336_3388',
		dt='1778991816',
		phpself='/ULIB62015/dublinfull.php',
		agent='Mozilla/5.0 AppleWebKit/537.36 (KHTML, like Gecko; compatible; ClaudeBot/1.0; +claudebot@anthropic.com)',
		yea='2026',
		mon='5',
		dat='17',
		ip='216.73.216.45'
		
		
mysqli: Table './ulib62015/stathist_viewbib_bib_type' is marked as crashed and should be repaired
insert into stathist_viewbib_bib_type set 
		dat='17' ,
		 mon='05' ,
		  yea='2026' ,
			 statuid='20260517112336_3388' ,
			 head='27302' ,
			 foot='marc' ,
			 dt='1778991816' 
		
LEADER : 01174nam 2200277 a 4500
001    27302
003     ULIB
008    030417s2548 caua sb 001 0 eng
020    ^a9744659157
060 04 ^aW84.1^bน927 2548
110    ^aกรมสนับสนุนบริการสุขภาพ
245 10 ^aแนวทางการดำเนินงานเทคโนโลยีและการสื่อสารด้านสุขภาพในระบบบริการสุขภาพ /^cกองสุขศึกษา กรมสนับสนุนบริการสุขภาพ
250    ^a พิมพ์ครั้งที่ 1
260    ^aนนทบุรี :^bกรม,^c2548.
300    ^a111 หน้า :^bตาราง ;^c21 ซม.
650  4 ^aสุขศึกษา
650  4 ^aการส่งเสริมสุขภาพ
650  4 ^aการสื่อสารทางการแพทย์
710 2  ^aกรมสนับสนุนบริการสุขภาพ.^bกองสุขศึกษา.
945    ^p0^l0^i006877
945    ^p0^l0^i006876
945    ^p0^l0^i006874
945    ^p0^l0^i006875
945    ^p0^l0^i010539
รายการนี้ยังไม่มีแท็ก
คุณยังไม่ได้ล็อกอิน คุณสามารถมีกิจกรรมร่วมกับเว็บไซต์ได้ แต่ต้องล็อกอินก่อน ::
  ล็อกอิน
  One Stop Service : ศูนย์ให้บริการแบบเบ็ดเสร็จ   จัดการหนังสือโปรด   แจ้งรายการบรรณานุกรมผิดพลาด
ลำดับที่ ประเภท เลขเรียก/บาร์โค้ด สถานที่ สถานะ
1. หนังสือ
หนังสือ
W84.1 น927 2548 ฉ.1 
  Barcode: 006877
หนังสือทั่วไป บนชั้น
  ขอยืม
2. หนังสือ
หนังสือ
W84.1 น927 2548 ฉ.2 
  Barcode: 006876
หนังสือทั่วไป บนชั้น
  ขอยืม
3. หนังสือ
หนังสือ
W84.1 น927 2548 ฉ.3 
  Barcode: 006875
หนังสือทั่วไป บนชั้น
  ขอยืม
4. หนังสือ
หนังสือ
W84.1 น927 2548 ฉ.4 
  Barcode: 006874
หนังสือทั่วไป บนชั้น
  ขอยืม
5. หนังสือ
หนังสือ
W84.1 น927 2548 ฉ.5 
  Barcode: 010539
หนังสือทั่วไป บนชั้น
  ขอยืม

รายการใกล้เคียง
    หัวเรื่อง [สุขศึกษา]
    หัวเรื่อง [การส่งเสริมสุขภาพ]
    หัวเรื่อง [การสื่อสารทางการแพทย์]

BibComment


ยังไม่เคยถูกคอมเมนท์

คอมเมนท์ทรัพยากรรายการนี้
  คอมเมนท์: แนวทางการดำเนินง..
Bib 27302

 
 
 

 Union Library Management : ULibM
Copyright 2026. All Rights Reserved.